Big Data Strategies (Record no. 8451)
[ view plain ]
| 000 -LEADER | |
|---|---|
| fixed length control field | 00268nam a22001097a 4500 |
| 008 - FIXED-LENGTH DATA ELEMENTS--GENERAL INFORMATION | |
| fixed length control field | 200131b ||||| |||| 00| 0 eng d |
| 020 ## - INTERNATIONAL STANDARD BOOK NUMBER | |
| International Standard Book Number | 9788131532201 |
| 100 ## - MAIN ENTRY--PERSONAL NAME | |
| Personal name | BAKER, PAM |
| 245 ## - TITLE STATEMENT | |
| Title | Big Data Strategies |
| 250 ## - EDITION STATEMENT | |
| Edition statement | Page-432 |
| 260 ## - PUBLICATION, DISTRIBUTION, ETC. (IMPRINT) | |
| Place of publication, distribution, etc | New Delhi |
| Name of publisher, distributor, etc | Cengage Learning |
| Withdrawn status | Lost status | Source of classification or shelving scheme | Damaged status | Koha normalized classification for sorting | Not for loan | Koha collection | Location (home branch) | Sublocation or collection (holding branch) | Shelving location | Date acquired | Source of acquisition | Currency | Cost, normal purchase price | Bill Number | Koha issues (times borrowed) | Koha full call number | Piece designation (barcode) | Koha date last seen | Copy number | Actual Cost, discounted price | Bill Date | Koha item type |
|---|---|---|---|---|---|---|---|---|---|---|---|---|---|---|---|---|---|---|---|---|---|---|
| Dewey Decimal Classification | 005_740000000000000_BAB | B.Tech(CSE) | PIET C-LIBRARY | PIET C-LIBRARY | Periodical Sec. P03 | 31/01/2020 | KIRTI PRAKASHAN NEW DELHI | IN Rupees | 425.00 | IN5960 | 005.74 BAB | 31627 | 31/01/2020 | 1 | 297.50 | 03/01/2020 | Reference Books |